Classical and contemporary metaphysics
Na minha lista:
| Autor principal: | |
|---|---|
| Formato: | Livro |
| Idioma: | inglês |
| Publicado em: |
Nueva York
Holt, Rinehart and Winston
1962
|
| Assuntos: | |
| Tags: |
Adicionar Tag
Sem tags, seja o primeiro a adicionar uma tag!
|
MARC
| LEADER | 00000nam a2200000 a 4500 | ||
|---|---|---|---|
| 001 | UCW2585 | ||
| 003 | CL-VaPUC | ||
| 008 | 890809e19620000US |||||||||||||||||eng|d | ||
| 082 | 0 | 4 | |a 110 |b DEG |2 21 |
| 100 | 0 | |a De George, Richard T |e author |9 306826 | |
| 245 | 1 | 0 | |a Classical and contemporary metaphysics |
| 300 | |a 323 p | ||
| 942 | |c BK | ||
| 945 | |d 19890809 00:00:00 | ||
| 260 | |a Nueva York |b Holt, Rinehart and Winston |c 1962 | ||
| 650 | 0 | |a Metafísica |9 265649 | |
| 583 | |a last modification |c 19890809 00:00:00 |k Rodrigo Vera | ||
| 999 | |c 217106 |d 217104 | ||
| 952 | |0 0 |1 0 |4 0 |6 110_000000000000000_DEG_1962 |7 0 |8 A |9 203660 |a BIBEDU |b BIBEDU |d 2019-11-15 |i 2709155 |o 110 DEG 1962 |p 2709155 |r 2019-11-15 |w 2019-11-15 |y BK |k FIL | ||